000 00964cam a22002894a 4500
001 14164154
005 20171222072809.0
008 051102s2007 maua 001 0 eng
010 _a 2005031895
020 _a0321395727 (pbk.)
020 _a9780321395726 (pbk.)
035 _a(OCoLC)ocm62281926
035 _a(OCoLC)62281926
040 _aDLC
_cDLC
_dBAKER
_dC#P
_dBTCTA
_dYDXCP
_dDLC
041 _aeng
080 _a005.133 SUS
082 0 0 _a005.133 SUS
_222
100 1 _a48
101 _aSHK
245 1 0 _aAddison-Wesley's review for the AP computer science exam in Java :
_cSusan Horwitz, Leigh Ann Sudol.
246 3 0 _aReview for the AP computer science exam in Java
246 3 0 _aAP computer science exam in Java
246 3 0 _aAP Java
906 _a7
_bcbc
_corignew
_d1
_eecip
_f20
_gy-gencatlg
942 _2ddc
_cBK
999 _c39338
_d39338